=LDR 00000nam 2200000 4500 =001 INLIS000000000026748 =005 20130612125154 =008 ***********************************ind** =035 ##$$0010-061300000026748 =041 ##$$a ind =082 ##$$a 346.08 =090 ##$$a 346.08, DEW a =100 ##$$a Dewi, Gemala =245 ##$$a Aspek-aspek hukum dalam perbankan dan peransuransian, Gemala Dewi, SH, LL.m; editor, Muhamad Nauval Omar =260 ##$$a 2006 $b Jakarta =300 ##$$a xxiii, 295 hlm., ilus., 23 cm =650 ##$$a Hukum Perbankan =700 ##$$a Omar, Muhamad Nauval =850 ##$$a NBPNMAT